Reconnaître le footballeur grâce à la photo - Statistiques

Statistiques générales
  • Ce quiz a été pris 192 fois
  • Le résultat moyen est 7 sur 8
Statistiques - réponses
Par images Réponse % Correct
Mbappe
100%
Neymar
100%
Messi
99%
Ronaldo
99%
Modrić
96%
Kane
93%
Lewandowski
91%
Immobile
64%
Aucun quiz correspondant
Distribution des résultats
% des personnes avec chaque résultat
Percentile par nombre de réponses
Votre historique - résultats
Vous n’avez pas pris ce quiz